000 00714nam a22001817a 4500
003 OSt
005 20260312135054.0
008 260312b |||||||| |||| 00| 0 eng d
020 _a9781138340862
040 _cn
082 _a307.1 F67 2020
100 _aFordhan, Richard
245 _aHousing Need and the Need for Housing /
_cFordham, Richard; Finlay, Stephen; Gardener, Justin; Macmillan, Angus; Muldoon, Cecilia; Taylor, Geoff; Welch, Gary
260 _bUnited Kingdom. Routledge (Taylor & Francis Ltd). 2020
300 _a371 pages ; 23 cm.
650 _aHousing need – Housing policy – Social housing – Urban planning – Public policy – Housing markets – Homelessness
942 _2ddc
_cBK-EN
_n0
999 _c8640
_d8640